000 00759nam a2200241 i 4500
001 C2-0201632
003 PPAK
005 20180728100909.0
008 990218s1992 my |||| ||||| | may d
020 _a9836218572
040 _aPPAK
_beng
_cPPAK
_erda
082 0 4 _a510.7125
_2 23
090 0 0 _a510.7125
_bMAL
_dKIH
245 0 0 _aHuraian sukatan pelajaran :
_bMatematik Tambahan tingkatan IV dan V
264 1 _aKuala Lumpur :
_bKementerian Pendidikan Malaysia ,
_c1992
300 _aviii, 39 pages ;
_c26 cm
336 _2rdacontent
_atext
337 _2rdamedia
_aunmediated
338 _2rdacarrier
_avolume
500 _aKurikulum Bersepadu Sekolah Menengah
650 1 0 _aMathematics - Study and teaching (Secondary) - Malaysia
942 _ddc
_cB
999 _c157171
_d157171